| 000 | 00409cam a2200181ua 4500 | ||
|---|---|---|---|
| 020 | _c8.00 | ||
| 041 |
_ahin _h |
||
| 082 |
_a891.54 _bPRE/GU |
||
| 100 | _aPremchand, . | ||
| 245 |
_aGupt dan / _cPremchand. _hTextual Documents |
||
| 250 |
_a1 / _b. |
||
| 260 |
_aIlahabad : _bHans Prakashan , _c1962. |
||
| 300 | _a273 ; . | ||
| 365 | _a8.00 | ||
| 504 | _a | ||
| 942 | _cBK | ||
| 999 |
_c8179 _d8179 |
||